000 00741nmc a2200277 a 4500
003 AR-Y00000XR
005 20251128211840.0
008 157020s2005 ||||||||||||||000 | spa||
020 _a950-04-2697-8
040 _cAR-Y00000XR
100 1 _aBorges, Jorge Luis
_d1899-1986
245 1 0 _aEl libro de arena
250 _a1ª ed.
260 _aBuenos Aires
_bEmecé
_c2005
300 0 _a171 p.
490 0 _aBiblioteca Jorge Luis Borges
500 0 _aEjemplar no. 143985: corresponde a la 24ª ed. de 2003
650 4 _aLITERATURA ARGENTINA
650 4 _aCUENTOS
650 4 _aLITERATURA CONTEMPORANEA
653 0 _aNARRATIVA
653 0 _aLITERATURA FANTASTICA
655 _aLITERATURA
942 _cBK
998 _cmi-desc
999 _c21379
_d21379